Historia de la literatura de los Estados Unidos (Record no. 161546)

MARC details
000 -LEADER
campo de control de longitud fija 00952nam a22002295i 4500
001 - NÚMERO DE CONTROL
campo de control 161546
003 - IDENTIFICADOR DE NÚMERO DE CONTROL
campo de control ES-MaACL
005 - FECHA Y HORA DE LA ÚLTIMA TRANSACCIÓN
campo de control 20250815062646.0
008 - DATOS DE LONGITUD FIJA--INFORMACIÓN GENERAL
campo de control de longitud fija 940301q18901900sp |||| | spa d
040 ## - FUENTE DE CATALOGACIÓN
Centro catalogador/agencia de origen AS
Lengua de catalogación spa
100 1# - ENTRADA PRINCIPAL--NOMBRE DE PERSONA
Nombre de persona Pattee, Frederick Lewis.
9 (RLIN) 130900
245 10 - MENCIÓN DEL TÍTULO
Título Historia de la literatura de los Estados Unidos
Resto del título : con indicaciones sobre los principios fundamentales que presiden a su desarrollo /
Mención de responsabilidad, etc. por Fred Lewis Pattee ; traducción por José de Caso.
260 ## - PUBLICACIÓN, DISTRIBUCIÓN, ETC.
Lugar de publicación, distribución, etc. Madrid :
Nombre del editor, distribuidor, etc. La España Moderna,
Fecha de publicación, distribución, etc. [s.a.] (
Fabricante Imp. de Gabriel L. Horno)
300 ## - DESCRIPCIÓN FÍSICA
Extensión 445 p. ;
Dimensiones 23 cm.
490 1# - MENCIÓN DE SERIE
Mención de serie Biblioteca de Jurisprudencia, Filosofía e Historia
596 #1 - NOTA AL PIE DE IMPRENTA
NOTA AL PIE DE IMPRENTA La España Moderna ejerce como editorial ca. 1900.
700 11 - ENTRADA AGREGADA--NOMBRE PERSONAL
Nombre de persona Caso, José de,
Término indicativo de función/relación
9 (RLIN) 36323
752 ## - ENTRADA AGREGADA--NOMBRE JERÁRQUICO DEL LUGAR
País o entidad superior España -
Ciudad , Madrid
830 00 - PUNTO DE ACCESO ADICIONAL DE SERIE-TÍTULO UNIFORME
Título uniforme Biblioteca de jurisprudencia, filosofía e historia
9 (RLIN) 180691
852 ## - LOCALIZACIÓN
Ubicación ES-MaACL
Número de control de estantería F-14846
Nota libre -- Enc. hol.
Holdings
Estatus retirado Estado de pérdida Estado de daño No para préstamo Biblioteca de origen Biblioteca actual Ubicación en estantería Fecha de adquisición Fuente de adquisición Total de préstamos Signatura topográfica completa Código de barras Visto por última vez Precio de reemplazo Tipo de ítem Koha
        Biblioteca del Ateneo de Madrid Biblioteca del Ateneo de Madrid Sala Pecera Planta 2 17/01/2008     F-14846 1169216 23/02/2023 23/02/2023 Libro impreso